Asamiya aru Asamar bhasha/ (Record no. 11691)

MARC details
000 -LEADER
fixed length control field 00668nam a22002297a 4500
005 - DATE AND TIME OF LATEST TRANSACTION
control field 20231006112529.0
008 - FIXED-LENGTH DATA ELEMENTS--GENERAL INFORMATION
fixed length control field 231006b ||||| |||| 00| 0 eng d
020 ## - INTERNATIONAL STANDARD BOOK NUMBER
International Standard Book Number 9789380454306
040 ## - CATALOGING SOURCE
Original cataloging agency IN-DiNC
Transcribing agency IN-DiNC
041 ## - LANGUAGE CODE
Language code of sung or spoken text Assamese
082 ## - DEWEY DECIMAL CLASSIFICATION NUMBER
Classification number 491.451
Item number ASA
245 ## - TITLE STATEMENT
Title Asamiya aru Asamar bhasha/
Statement of responsibility, etc. edited by Biswajit Das and Phukan Chandra Basumatary
250 ## - EDITION STATEMENT
Edition statement 2nd rev. ed.
260 ## - PUBLICATION, DISTRIBUTION, ETC.
Place of publication, distribution, etc. Guwahati:
Name of publisher, distributor, etc. Aank baak,
Date of publication, distribution, etc. 2014.
300 ## - PHYSICAL DESCRIPTION
Extent 608p.
650 ## - SUBJECT ADDED ENTRY--TOPICAL TERM
Topical term or geographic name entry element Bharatiya Aryya bhasha
650 ## - SUBJECT ADDED ENTRY--TOPICAL TERM
Topical term or geographic name entry element China Tibbatiya language
650 ## - SUBJECT ADDED ENTRY--TOPICAL TERM
Topical term or geographic name entry element Singpho language
700 ## - ADDED ENTRY--PERSONAL NAME
Personal name Das, Biswajit
Relator term Editor
700 ## - ADDED ENTRY--PERSONAL NAME
Personal name Basumatary, Phukan Chandra
Relator term Editor
942 ## - ADDED ENTRY ELEMENTS (KOHA)
Source of classification or shelving scheme Dewey Decimal Classification
Koha item type Books
Holdings
Withdrawn status Lost status Source of classification or shelving scheme Damaged status Not for loan Collection code Home library Current library Shelving location Date acquired Cost, normal purchase price Total Checkouts Full call number Barcode Date last seen Date last checked out Copy number Price effective from Koha item type
    Dewey Decimal Classification     Assamese Central Library, Naharkatiya College Central Library, Naharkatiya College General Stacks 06/10/2023 450.00 2 491.451 ASA 26770 08/04/2024 19/03/2024 1 06/10/2023 Books
    Dewey Decimal Classification     Assamese Central Library, Naharkatiya College Central Library, Naharkatiya College General Stacks 11/10/2023 550.00 1 491.451 ASA 29728 05/03/2024 19/02/2024 2 11/10/2023 Books
    Dewey Decimal Classification     Assamese Central Library, Naharkatiya College Central Library, Naharkatiya College General Stacks 11/10/2023 550.00 3 491.451 ASA 29729 19/04/2025 03/04/2025 3 11/10/2023 Books

Naharkatiya College © 2020. All rights reserved.

Powered By